00266nam a2200109Ia 4500008004100000041000800041082001400049100001800063245004800081260002000129365000700149230303s9999 xx 000 0 und d aeng a539.7 LIL aLILLEY (John) aNuclear Physics Principles and Applications aNYbWiley India cRS